• 首页
  • 本馆介绍
  • 公告通知
  • 最新文献
  • 馆藏检索
  • 电子资源
  • 读者导购
  • 参考咨询
  • 我的图书馆
  • 登录
  • 详细信息显示
  • 放入我的书架
  • 预约/预借图书
  • 作者相关作品
  • 分类相关作品
  • 丛书相关作品
  • 出版社相关作品

书目信息

  • 表格格式
  • 工作单格式
  • 卡片格式
题名:
物流配送中心规划与设计
    
 
作者: 贾争现 主编
分册:  
出版信息: 北京   机械工业出版社  2014
页数: 231页
开本: 26cm
丛书名: 物流配送中心设计丛书
单 册:
中图分类: F252.14 , TU249
科图分类:
主题词: 物流配送中心--经济规划 , 物流配送中心--建筑设计 , 物流配送中心 , 经济规划 , 建筑设计
电子资源:
ISBN: 978-7-111-44199-1
000 01132nam0 22003251 450
001 524
005 20140908165017.93
010    @a978-7-111-44199-1@dCNY40.00
100    @a20131205d2014 em y0chiy50 ea
101 0  @achi
102    @aCN@b110000
105    @aa z 000yy
106    @ar
200 1  @a物流配送中心规划与设计@AWu Liu Pei Song Zhong Xin Gui Hua Yu She Ji@f贾争现主编@FJia Zheng Xian Zhu Bian
205    @a3版
210    @a北京@c机械工业出版社@d2014
215    @a231页@c图@d26cm
225 2  @a物流配送中心设计丛书
330    @a本书详细地介绍了现代物流配送中心规划与设计的理念、要素、方法与步骤等相关内容,系统地论述了物流配送中心的资料收集与分析、选址规划、系统规划、设备规划、区域设施设计、信息系统设计、基本作业管理和搬运系统设计等诸多问题。
461  0 @12001 @a物流配送中心设计丛书
606 0  @a物流配送中心@x经济规划
606 0  @a物流配送中心@x建筑设计
606 0  @a物流配送中心
606 0  @a经济规划
606 0  @a建筑设计
690    @aF252.14@v5
690    @aTU249@v5
701  0 @a贾争现@AJia Zheng Xian@4主编
801  0 @aCN@bTANGWEI@c20140603
905    @b0836490-92@dF252.14@e199=3@f3
    
    物流配送中心规划与设计/贾争现主编.-3版.-北京:机械工业出版社,2014
    231页:图;26cm.-(物流配送中心设计丛书)
    
    
    ISBN 978-7-111-44199-1:CNY40.00
    本书详细地介绍了现代物流配送中心规划与设计的理念、要素、方法与步骤等相关内容,系统地论述了物流配送中心的资料收集与分析、选址规划、系统规划、设备规划、区域设施设计、信息系统设计、基本作业管理和搬运系统设计等诸多问题。
●
相关链接 在E读中查询图书 在五车中查询图书 在当当中查询图书 在豆瓣中查询图书


正题名:物流配送中心规划与设计     索取号:F252.14/199=3         预约/预借

序号 登录号 条形码 馆藏地/架位号 状态 备注
1 0836490   208364900   第一样本阅览室/ [索取号:F252.14/199=3] 在馆    
2 0836491   208364919   第一借阅区/ [索取号:F252.14/199=3] 在馆    
3 0836492   208364928   密集书库-海洋学院/ [索取号:F252.14/199=3] 在馆    
唐山师范学院图书馆 欢迎您!
大连网信软件有限公司© 版权所有